Detalles MARC
| 000 -CABECERA |
| campo de control de longitud fija |
01430nam a2200217 a 4500 |
| 001 - NÚMERO DE CONTROL |
| campo de control |
000036997 |
| 005 - FECHA Y HORA DE LA ÚLTIMA TRANSACCIÓN |
| campo de control |
20200930080055.0 |
| 008 - DATOS DE LONGITUD FIJA--INFORMACIÓN GENERAL |
| campo de control de longitud fija |
120207s2011 dr 000 0 spa d |
| 020 ## - NÚMERO INTERNACIONAL ESTÁNDAR DEL LIBRO |
| Número Internacional Estándar del Libro |
9789945864847 |
| 040 ## - FUENTE DE LA CATALOGACIÓN |
| Centro catalogador/agencia de origen |
DO-SdBNP |
| Lengua de catalogación |
spa |
| Centro/agencia transcriptor |
BNPHU |
| 082 ## - NÚMERO DE LA CLASIFICACIÓN DECIMAL DEWEY |
| Número de clasificación |
345.97293 |
| Número de documento/Ítem |
J82p |
| 100 1# - ENTRADA PRINCIPAL--NOMBRE DE PERSONA |
| Nombre de persona |
Jorge Prats, Eduardo |
| 9 (RLIN) |
17747 |
| 245 14 - MENCIÓN DE TÍTULO |
| Título |
Los peligros del popularismo penal / |
| Mención de responsabilidad, etc. |
Eduardo Jorge Prats. |
| 260 ## - PUBLICACIÓN, DISTRIBUCIÓN, ETC. |
| Lugar de publicación, distribución, etc. |
Santo Domingo : |
| Nombre del editor, distribuidor, etc. |
IUS Novum, |
| Fecha de publicación, distribución, etc. |
2011. |
| 300 ## - DESCRIPCIÓN FÍSICA |
| Extensión |
109 p. ; |
| Dimensiones |
22 cm. |
| 505 1# - NOTA DE CONTENIDO CON FORMATO |
| Título |
Presentación -- |
| -- |
Definiendo el populismo penal -- |
| -- |
Los peligros del populismo penal -- |
| -- |
Los efectos del populismo penal sobre la garantía constitucional del debido proceso -- |
| -- |
Populismo penal y casación -- |
| -- |
El populismo penal se agudiza en una democracia iliberal -- |
| -- |
¿Hacia dónde nos lleva el populismo penal? La necesidad de reivindicar el derecho penal liberal -- |
| -- |
Cómo salir del populismo penal y caminar el sendero de la seguridad ciudadana en democracia y libertad -- |
| -- |
La defensa de la constitución contra el populismo penal -- |
| -- |
Llevando el Estado a su propia legalidad : la lucha por el derecho y el derecho de la lucha ("Derecho en acción") -- |
| -- |
Por una ciencia crítica del derecho -- |
| -- |
A modo de conclusión : el fin del derecho penal. |
| 590 ## - NOTA LOCAL (RLIN) |
| Nota local |
Inventariado,2018/DG |
| 650 #4 - PUNTO DE ACCESO ADICIONAL DE MATERIA--TÉRMINO DE MATERIA |
| Término de materia o nombre geográfico como elemento de entrada |
Derecho penal |
| Subdivisión geográfica |
República Dominicana |
| 9 (RLIN) |
16470 |
| 650 #4 - PUNTO DE ACCESO ADICIONAL DE MATERIA--TÉRMINO DE MATERIA |
| Término de materia o nombre geográfico como elemento de entrada |
Inseguridad (problema social) |
| 9 (RLIN) |
12706 |
| 910 ## - DATOS DE OPCIÓN DEL USUARIO (OCLC) |
| Datos de opción del usuario |
Validado. Control de calidad BNPHU |